Countries Spice Girls have visited - Statistics

General Stats
  • This quiz has been taken 98 times
  • The average score is 15 of 17
Answer Stats
Continent Country % Correct
Europe Spain
96%
North America United States of America
96%
Europe France
95%
Europe United Kingdom
95%
North America Canada
93%
Europe Italy
93%
Europe Germany
92%
Asia/ Europe Turkey
84%
Europe Belgium
82%
Europe Sweden
82%
Europe Austria
81%
Europe the Netherlands
81%
Europe Finland
80%
Europe Ireland
80%
Europe Norway
78%
Europe Denmark
74%
Europe Switzerland
69%
No matching quizzes found
Score Distribution
Percent of People with Each Score
Percentile by Number Answered
Your Score History
You have not taken this quiz